[Event "C.to Provinciale TO"]
[Site "Torino ITA"]
[Date "2010.03.16"]
[Round "6"]
[White "Longo, Enrico"]
[Black "Moncelli, Giorgio"]
[Result "0-1"]
[WhiteElo "1913"]
[BlackElo "2088"]
[PlyCount "52"]
[EventDate "2010.02.09"]

1. e4 c6 2. d4 d5 3. Nc3 dxe4 4. Nxe4 Nd7 5. Bc4 Ngf6 6. Nxf6+ Nxf6 7. Nf3 Bf5
8. Bd3 Bg4 9. Be3 e6 10. h3 Bh5 11. g4 Bg6 12. Ne5 Bd6 13. Nxg6 hxg6 14. Qe2
Qa5+ 15. c3 O-O-O 16. Qf3 Rd7 17. a4 e5 18. b4 Qd5 19. Qxd5 Nxd5 20. Kd2 exd4
21. Bxd4 Bf4+ 22. Be3 Rhd8 23. Ke2 Bxe3 24. Bxg6 fxg6 25. fxe3 Nxc3+ 26. Kf3
Rf8+ 0-1

[Event "C.to Provinciale TO"]
[Site "Torino ITA"]
[Date "2010.03.16"]
[Round "6"]
[White "Marvin, Elio"]
[Black "Paoli, Mario"]
[Result "1/2-1/2"]
[WhiteElo "1714"]
[BlackElo "1746"]
[PlyCount "91"]
[EventDate "2010.02.09"]

1. e4 g6 2. d4 Bg7 3. c3 c6 4. Bd3 Nf6 5. Nf3 O-O 6. O-O d6 7. h3 Nbd7 8. Be3
e5 9. dxe5 Nxe5 10. Nxe5 dxe5 11. Qc2 Qc7 12. c4 Be6 13. Nc3 b6 14. Rac1 Rad8
15. Rfd1 Rd7 16. f3 Rfd8 17. Bf1 Nh5 18. Kh2 f5 19. exf5 Bxf5 20. Ne4 Bxe4 21.
fxe4 Nf4 22. c5 b5 23. a4 a6 24. axb5 axb5 25. Rxd7 Rxd7 26. Rd1 h6 27. b4 Kh7
28. Ra1 Ne6 29. Ra8 Rd8 30. Qa2 Rxa8 31. Qxa8 Nd4 32. Qa2 Qe7 33. Qf2 Qe6 34.
h4 Qg4 35. Bd3 Ne6 36. g3 Nd4 37. Kg2 Qd1 38. Bf1 Qb1 39. Bxd4 Qxe4+ 40. Qf3
Qxd4 41. Bd3 Qxb4 42. h5 Qxc5 43. Bxg6+ Kh8 44. Be4 Qf8 45. Bxc6 Qxf3+ 46. Kxf3
1/2-1/2

[Event "C.to Provinciale TO"]
[Site "Torino ITA"]
[Date "2010.03.16"]
[Round "6"]
[White "Monno, Luigi"]
[Black "Blundo, Michele"]
[Result "1/2-1/2"]
[WhiteElo "1466"]
[BlackElo "1763"]
[PlyCount "41"]
[EventDate "2010.02.09"]

1. d4 d5 2. Nf3 Nf6 3. c3 e6 4. a3 Be7 5. Bf4 O-O 6. e3 a6 7. Bd3 Nbd7 8. b4 b6
9. O-O Bb7 10. Re1 c5 11. bxc5 bxc5 12. dxc5 Nxc5 13. Ra2 Ra7 14. h3 Nce4 15.
Bxe4 dxe4 16. Qxd8 Rxd8 17. Bc7 Rd7 18. Bb6 Ra8 19. Ne5 Rd5 20. Bd4 Rb5 21. a4
1/2-1/2

[Event "C.to Provinciale TO"]
[Site "Torino ITA"]
[Date "2010.03.16"]
[Round "6"]
[White "Paonessa, Denis"]
[Black "Quirico, Paolo"]
[Result "0-1"]
[WhiteElo "1908"]
[BlackElo "2167"]
[PlyCount "58"]
[EventDate "2010.02.09"]

1. d4 Nf6 2. Bg5 d5 3. Bxf6 exf6 4. e3 Be6 5. Bd3 f5 6. Ne2 Bd6 7. Nf4 Nd7 8.
Qf3 Nf6 9. Nd2 Ne4 10. h4 c6 11. Nh5 Rg8 12. Nf4 g6 13. Qe2 Qc7 14. Nh3 h6 15.
Nf1 Bb4+ 16. Kd1 O-O-O 17. f3 Nf6 18. Nf4 Kb8 19. Nh2 Rde8 20. g4 fxg4 21. fxg4
Bc8 22. g5 hxg5 23. hxg5 Ne4 24. Rg1 Bd6 25. Qf3 Rh8 26. Ng4 Nxg5 27. Qf2 Bxf4
28. Qxf4 Qxf4 29. exf4 Bxg4+ 0-1

[Event "C.to Provinciale TO"]
[Site "Torino ITA"]
[Date "2010.03.16"]
[Round "6"]
[White "Razzano, Lorenzo"]
[Black "Di Chiara, Mauro"]
[Result "1-0"]
[WhiteElo "1956"]
[BlackElo "1870"]
[PlyCount "123"]
[EventDate "2010.02.09"]

1. Nf3 Nf6 2. b4 g6 3. Bb2 Bg7 4. g3 O-O 5. Bg2 d6 6. O-O e5 7. d3 Nc6 8. a3 a5
9. b5 Ne7 10. Nbd2 Bd7 11. a4 Qc8 12. Nc4 Ne8 13. e4 Bh3 14. b6 c6 15. Bc3 Bxg2
16. Kxg2 f5 17. Nxa5 d5 18. Nb3 fxe4 19. dxe4 dxe4 20. Nfd2 e3 21. fxe3 Rxf1
22. Qxf1 Nd5 23. Qc4 Kh8 24. Qc5 Nxc3 25. Qxc3 e4 26. Qc5 Nf6 27. Rf1 Rxa4 28.
Qe7 Nd5 29. Qc5 Bh6 30. Kh1 Ra8 31. Nc4 Qh3 32. Nbd2 Nf6 33. Ne5 Bg7 34. Nf7+
Kg8 35. Ng5 Qd7 36. Ndxe4 Nxe4 37. Nxe4 Qg4 38. Qe7 Qe2 39. Rf2 Qd1+ 40. Kg2
Qd5 41. Rd2 Qe5 42. Rd7 Qxe7 43. Rxe7 Ra2 44. Rxb7 Rxc2+ 45. Kf3 Rxh2 46. Ng5
Be5 47. Ke4 Bxg3 48. Rd7 h6 49. Ne6 Rb2 50. b7 Rb4+ 51. Kf3 Be5 52. Nd4 Rb1 53.
Nxc6 Bh2 54. e4 Rb3+ 55. Kg2 Rb2+ 56. Kh3 Kf8 57. e5 Bxe5 58. Nxe5 Ke8 59. Rh7
Rb3+ 60. Kg4 h5+ 61. Kg5 Kd8 62. Nc6+ 1-0

[Event "C.to Provinciale TO"]
[Site "Torino ITA"]
[Date "2010.03.16"]
[Round "6"]
[White "Sorcinelli, Francesco"]
[Black "Iacomussi, Mario"]
[Result "1-0"]
[WhiteElo "2161"]
[BlackElo "1760"]
[PlyCount "73"]
[EventDate "2010.02.09"]

1. e4 c5 2. Nf3 d6 3. d4 cxd4 4. Nxd4 Nf6 5. Nc3 a6 6. Be3 Ng4 7. Bc4 Ne5 8.
Bb3 e6 9. f4 Nec6 10. Qh5 Nxd4 11. Bxd4 Nc6 12. Be3 g6 13. Qf3 Bg7 14. O-O-O
Qc7 15. Rd3 b5 16. Rhd1 O-O 17. Rxd6 Rd8 18. Rxd8+ Nxd8 19. e5 Bb7 20. Qf2 Nc6
21. Bb6 Qe7 22. Bc5 Qe8 23. Qh4 Na5 24. Be7 Nxb3+ 25. axb3 Rc8 26. Bf6 Bf8 27.
g4 b4 28. Na4 Qc6 29. Qf2 Qf3 30. Qxf3 Bxf3 31. Rd4 Bxg4 32. Kd2 Bf5 33. c4
bxc3+ 34. bxc3 h5 35. b4 Bh6 36. Nb6 Ra8 37. Nxa8 1-0

[Event "C.to Provinciale TO"]
[Site "Torino ITA"]
[Date "2010.03.16"]
[Round "6"]
[White "Stroppa, Daniel"]
[Black "Ranieri, Fabrizio"]
[Result "1/2-1/2"]
[WhiteElo "2210"]
[BlackElo "2285"]
[PlyCount "63"]
[EventDate "2010.02.09"]

1. d4 d5 2. Nf3 e6 3. e3 Nf6 4. Bd3 c5 5. b3 Nc6 6. O-O Bd6 7. Bb2 O-O 8. a3
Qe7 9. Ne5 Nd7 10. f4 f5 11. Rf3 Nf6 12. Rh3 Bd7 13. Nd2 Be8 14. Ndf3 cxd4 15.
exd4 Bh5 16. Qe1 Bg4 17. Rh4 Bxf3 18. gxf3 Rac8 19. Kh1 Nd7 20. Rh3 Rf6 21. Qh4
Nf8 22. Rg1 Bxe5 23. fxe5 Rg6 24. Qxe7 Rxg1+ 25. Kxg1 Nxe7 26. f4 Nfg6 27. Rf3
Kf7 28. Kf2 Rc6 29. Kg3 Ng8 30. Rf2 N8e7 31. Bc1 Rc7 32. Be3 1/2-1/2

[Event "C.to Provinciale TO"]
[Site "Torino ITA"]
[Date "2010.03.23"]
[Round "7"]
[White "Avetta, Roberto"]
[Black "Listello, Massimiliano"]
[Result "0-1"]
[WhiteElo "1711"]
[BlackElo "1488"]
[PlyCount "152"]
[EventDate "2010.02.09"]

1. d4 Nf6 2. c4 e6 3. Nc3 Bb4 4. Bd2 O-O 5. a3 Bxc3 6. Bxc3 d5 7. e3 b6 8. Qc2
Ba6 9. b3 Re8 10. Bd3 Nbd7 11. Nf3 h6 12. O-O c5 13. Nd2 Rc8 14. e4 cxd4 15.
Bxd4 dxc4 16. bxc4 e5 17. Bb2 Nc5 18. Be2 Qc7 19. Rac1 Qb7 20. f3 b5 21. Qb1
Na4 22. Ba1 Qb6+ 23. Kh1 Qe3 24. Qc2 Qxe2 25. Rce1 Rxc4 26. Qxc4 Qxe1 27. Qd3
Qh4 28. Qd6 Re6 29. Qb8+ Kh7 30. Qxa7 b4 31. Rc1 Bb5 32. Nb3 Kg6 33. axb4 Qg5
34. g3 Nb6 35. Rc3 Na4 36. Rc7 Ra6 37. Qb7 Be2 38. Kg2 Qe3 39. Nd4 exd4 40. e5
Bxf3+ 41. Qxf3 Qxf3+ 42. Kxf3 Nd5 43. Rd7 Nxb4 44. Bxd4 Rc6 45. g4 Nb6 46. Rb7
N6d5 47. h4 Rc4 48. Ba1 Nc2 49. Rd7 Nxa1 50. Rxd5 Rc7 51. Rd6+ Kh7 52. g5 hxg5
53. hxg5 Re7 54. Kf4 g6 55. Rd1 Nb3 56. Rh1+ Kg7 57. Rd1 Nc5 58. Rg1 Ne6+ 59.
Ke4 Rd7 60. Rg2 Rd4+ 61. Ke3 Rf4 62. Rg3 Rf5 63. Ke4 Rxg5 64. Rc3 Rg4+ 65. Kd5
Rd4+ 66. Kc6 g5 67. Rf3 Kg6 68. Rf6+ Kg7 69. Rf5 Rf4 70. Rxf4 gxf4 71. Kd5 f3
72. Ke4 f2 73. Ke3 f1=Q 74. Kd2 Qf3 75. Ke1 Qg2 76. Kd1 Nd4 0-1

[Event "C.to Provinciale TO"]
[Site "Torino ITA"]
[Date "2010.03.23"]
[Round "7"]
[White "Blanc, Pierre"]
[Black "Baruffa, Marino"]
[Result "1-0"]
[WhiteElo "1928"]
[BlackElo "1834"]
[PlyCount "105"]
[EventDate "2010.02.09"]

1. e4 e5 2. Nf3 Nc6 3. Bb5 a6 4. Ba4 Nf6 5. O-O d6 6. Re1 b5 7. Bb3 Na5 8. c3
Nxb3 9. axb3 Be7 10. d4 Bg4 11. Nbd2 exd4 12. cxd4 h6 13. Qc2 O-O 14. b4 Nd7
15. Qc6 Nb6 16. d5 Bd7 17. Qc2 f5 18. Nf1 fxe4 19. Qxe4 Bf6 20. Ne3 Re8 21. Qc2
Bc8 22. Bd2 Bb7 23. Qg6 Bc8 24. Bc3 Rf8 25. Nd4 Qe8 26. Qg3 Qf7 27. Ndf5 Kh8
28. Nh4 Kh7 29. Rac1 Bg5 30. Bd4 Bf4 31. Qf3 Nc4 32. Qe4+ g6 33. Rc3 Bd7 34.
Nxc4 Rae8 35. Qb1 Rxe1+ 36. Qxe1 bxc4 37. Rf3 Bg4 38. Ra3 Qxd5 39. Qb1 Qxd4 40.
Nxg6 Bf5 41. Nxf8+ Kg8 42. Qe1 Kxf8 43. Rxa6 Be5 44. Qc1 Qf4 45. Qxf4 Bxf4 46.
Rc6 d5 47. Rf6+ Ke7 48. Rxf5 Bd6 49. Rxd5 Bxb4 50. Rd4 c3 51. Rxb4 c5 52. Rb7+
Kd6 53. bxc3 1-0

[Event "C.to Provinciale TO"]
[Site "Torino ITA"]
[Date "2010.03.23"]
[Round "7"]
[White "Blundo, Michele"]
[Black "Liviabella, Lucio"]
[Result "0-1"]
[WhiteElo "1763"]
[BlackElo "1716"]
[PlyCount "126"]
[EventDate "2010.02.09"]

1. d4 Nf6 2. c4 d6 3. Nc3 g6 4. Nf3 Bg7 5. e3 O-O 6. Be2 Nbd7 7. O-O c5 8. Re1
cxd4 9. exd4 b6 10. a4 Bb7 11. Ra3 Rc8 12. d5 Ba6 13. Nb5 Bxb5 14. axb5 Rc7 15.
Nd4 Nb8 16. Bf1 Qc8 17. h3 Re8 18. b4 e5 19. dxe6 fxe6 20. Nf3 Rd7 21. Ng5 e5
22. Ne4 Nxe4 23. Qd5+ Rf7 24. Rxa7 Qf5 25. Qxf7+ Qxf7 26. Rxf7 Kxf7 27. Rxe4
Nd7 28. Re1 Bf6 29. Be3 Ra8 30. g3 Ra4 31. Rb1 e4 32. c5 dxc5 33. bxc5 bxc5 34.
b6 Be5 35. Bb5 Nxb6 36. Bxa4 Nxa4 37. Rb7+ Ke6 38. Ra7 Nb2 39. Bxc5 Nd3 40. Be3
h5 41. Kf1 Kf5 42. Ke2 Bd6 43. f4 Bb4 44. Ra6 Bc3 45. g4+ hxg4 46. hxg4+ Kxg4
47. Rxg6+ Kf5 48. Rg5+ Kf6 49. Rb5 Bb2 50. Kd1 Ba3 51. Kc2 Ne1+ 52. Kc3 Nd3 53.
Kd4 Nb2 54. Kxe4 Nc4 55. Bd4+ Kf7 56. Rb7+ Ke8 57. Kd5 Nd6 58. Rh7 Nf5 59. Be5
Ne7+ 60. Ke6 Ng6 61. f5 Nf8+ 62. Kf6 Nxh7+ 63. Kg7 Ng5 0-1

[Event "C.to Provinciale TO"]
[Site "Torino ITA"]
[Date "2010.03.23"]
[Round "7"]
[White "Cavezzana, Davide"]
[Black "Arena, Marco"]
[Result "1-0"]
[WhiteElo "1768"]
[BlackElo "1566"]
[PlyCount "109"]
[EventDate "2010.02.09"]

1. e4 e6 2. d4 d5 3. Nc3 Bb4 4. e5 c5 5. Bd2 cxd4 6. Nb5 Bxd2+ 7. Qxd2 Nc6 8.
Nd6+ Kf8 9. f4 f6 10. Nf3 Nh6 11. Bd3 fxe5 12. fxe5 Nxe5 13. Qf4+ Nhf7 14. Nxe5
Qf6 15. Qxf6 gxf6 16. Nexf7 Rg8 17. g3 Ke7 18. Be2 Rg6 19. Bh5 Rg7 20. O-O-O e5
21. Nxc8+ Rxc8 22. Nh6 Kf8 23. Rhf1 Rc6 24. Rf2 Rd7 25. Rdf1 Kg7 26. Ng4 Rdd6
27. Rd2 Rd8 28. Nf2 Rdd6 29. Nd3 a5 30. a4 Rd8 31. g4 Kh6 32. Rf5 Rdd6 33. Rdf2
b6 34. h4 Kg7 35. g5 fxg5 36. hxg5 Rc8 37. Nxe5 Rdd8 38. Rf7+ Kg8 39. Be2 Re8
40. R2f5 Rxe5 41. Rxe5 Kxf7 42. Rxd5 Rc5 43. Rxc5 bxc5 44. Kd2 Kg6 45. Kd3 Kxg5
46. Kc4 Kf5 47. Kxc5 Ke5 48. c3 dxc3 49. bxc3 Ke6 50. Bh5 Kd7 51. Kb6 Kc8 52.
c4 Kb8 53. c5 Ka8 54. c6 Kb8 55. Bg4 1-0

[Event "C.to Provinciale TO"]
[Site "Torino ITA"]
[Date "2010.03.23"]
[Round "7"]
[White "Collaro, Carlo"]
[Black "Levi, Aldo"]
[Result "1-0"]
[WhiteElo "1401"]
[BlackElo "1344"]
[PlyCount "75"]
[EventDate "2010.02.09"]

1. d4 d5 2. Bf4 Nf6 3. e3 a6 4. Nf3 Nc6 5. Be2 Bg4 6. Nbd2 e6 7. a3 h6 8. Rc1
Bd6 9. Bxd6 Qxd6 10. c4 b6 11. cxd5 Nxd5 12. O-O Nf6 13. Qc2 Na7 14. Qxc7 Qxc7
15. Rxc7 O-O 16. Bxa6 Nd5 17. Rcc1 f5 18. Bb7 Rad8 19. Bxd5 Rxd5 20. Ne5 Be2
21. Rfe1 Ba6 22. Nc6 Nxc6 23. Rxc6 Rb5 24. b4 Bb7 25. Rxe6 Rf7 26. Rd6 Rf6 27.
Rxf6 gxf6 28. Nc4 Be4 29. Nd6 Rd5 30. Nxe4 fxe4 31. g3 Kg7 32. Rc1 Kg6 33. Rc6
Rb5 34. h4 h5 35. Kg2 Kf5 36. Rc2 Kg4 37. Rd2 Rd5 38. a4 1-0

[Event "C.to Provinciale TO"]
[Site "Torino ITA"]
[Date "2010.03.23"]
[Round "7"]
[White "Di Chiara, Mauro"]
[Black "Paonessa, Denis"]
[Result "1/2-1/2"]
[WhiteElo "1870"]
[BlackElo "1908"]
[PlyCount "89"]
[EventDate "2010.02.09"]

1. Nf3 d5 2. d4 c5 3. c4 e6 4. cxd5 exd5 5. Nc3 Nc6 6. g3 Nf6 7. Bg2 Be7 8. O-O
O-O 9. a3 c4 10. Ne5 Na5 11. Bg5 Nb3 12. Bxf6 Bxf6 13. Rb1 Bf5 14. e4 dxe4 15.
Nxc4 Nxd4 16. Bxe4 Bxe4 17. Nxe4 Qe7 18. Re1 Rad8 19. Kg2 b5 20. Ncd2 Qb7 21.
Nf3 Qb6 22. Nxf6+ Qxf6 23. Nxd4 Rxd4 24. Qf3 Qxf3+ 25. Kxf3 Rfd8 26. Rbc1 Kf8
27. Rc7 R8d7 28. Rxd7 Rxd7 29. Re5 a6 30. Ke3 Rd6 31. Re4 g6 32. Rd4 Ke7 33.
Rxd6 Kxd6 34. Kd4 a5 35. b4 axb4 36. axb4 f6 37. g4 g5 38. f3 Kc6 39. Ke4 Kd6
40. Kd4 Kc6 41. Ke4 Kd6 42. h3 Ke6 43. f4 h6 44. f5+ Kd6 45. Kd4 1/2-1/2

[Event "C.to Provinciale TO"]
[Site "Torino ITA"]
[Date "2010.03.23"]
[Round "7"]
[White "Gussone, Claudio"]
[Black "Calderone, Luigi"]
[Result "1-0"]
[WhiteElo "1805"]
[BlackElo "1700"]
[PlyCount "53"]
[EventDate "2010.02.09"]

1. e4 e5 2. Nf3 Nc6 3. d4 exd4 4. Bc4 Bc5 5. Ng5 Ne5 6. Bxf7+ Kf8 7. Bb3 Nh6 8.
O-O Qf6 9. Kh1 d6 10. f4 Neg4 11. Qe2 d3 12. cxd3 Qd4 13. Nh3 Bd7 14. Nd2 Qe3
15. Qf3 Ke7 16. Nc4 Qd4 17. Bd2 Qf6 18. Rae1 Rae8 19. e5 dxe5 20. Nxe5 Nxe5 21.
Rxe5+ Kd8 22. Rxc5 Bc6 23. Bd5 Qd4 24. Bxc6 Qxc5 25. Bxe8 Rxe8 26. Qxb7 Re2 27.
Rc1 1-0

[Event "C.to Provinciale TO"]
[Site "Torino ITA"]
[Date "2010.03.23"]
[Round "7"]
[White "Iacomussi, Mario"]
[Black "Fassio, Francesco"]
[Result "0-1"]
[WhiteElo "1760"]
[BlackElo "1646"]
[PlyCount "110"]
[EventDate "2010.02.09"]

1. Nf3 c5 2. e4 Nc6 3. Bc4 e6 4. O-O d5 5. exd5 exd5 6. Re1+ Be7 7. Bb5 Bd7 8.
b3 Nf6 9. Bb2 O-O 10. a4 Bd6 11. Nc3 d4 12. Na2 Re8 13. Rxe8+ Qxe8 14. b4 b6
15. Bd3 Ne5 16. bxc5 bxc5 17. Qe2 Nxd3 18. Qxd3 Qc8 19. c3 Rb8 20. Bc1 Bf5 21.
Qe2 d3 22. Qf1 Qa6 23. Qd1 Bg4 24. Ba3 Qb7 25. Nc1 Qa6 26. h3 Bh5 27. Nb3 c4
28. Nbd4 Bxa3 29. Rxa3 Nd7 30. Nf5 f6 31. g4 Be8 32. Qe1 Bf7 33. Qe7 Qe6 34.
Ra1 Qxe7 35. Nxe7+ Kf8 36. Nc6 Rb7 37. a5 a6 38. Nfd4 Rb2 39. Rd1 Nc5 40. f3
Bd5 41. Kf2 Ke8 42. Nb4 Bb7 43. Ke3 Kd7 44. Ra1 Nb3 45. Nxb3 Rxb3 46. Kd4 Rb2
47. Kxc4 Rxd2 48. Nxd3 Bxf3 49. Re1 Be2 50. Rxe2 Rxe2 51. Nc5+ Kc6 52. Nxa6
Re4+ 53. Kd3 Ra4 54. Nb4+ Kb7 55. a6+ Kb6 0-1

[Event "C.to Provinciale TO"]
[Site "Torino ITA"]
[Date "2010.03.23"]
[Round "7"]
[White "Manni, Stefano"]
[Black "Gatti, Franco"]
[Result "1-0"]
[WhiteElo "1962"]
[BlackElo "1586"]
[PlyCount "20"]
[EventDate "2010.02.09"]

1. e4 e5 2. Bc4 Nf6 3. d3 h6 4. f4 exf4 5. e5 d5 6. Bb3 Ng4 7. Bxf4 g5 8. Bg3
Ne3 9. Qf3 Nf5 10. Bxd5 Nxg3 1-0

[Event "C.to Provinciale TO"]
[Site "Torino ITA"]
[Date "2010.03.23"]
[Round "7"]
[White "Marvin, Elio"]
[Black "Coqueraut, Jean Dominique"]
[Result "1-0"]
[WhiteElo "1714"]
[BlackElo "1815"]
[PlyCount "137"]
[EventDate "2010.02.09"]

1. e4 d5 2. exd5 Qxd5 3. Nf3 Bg4 4. Be2 Nf6 5. O-O c6 6. d4 g6 7. c4 Qd8 8. Nc3
Bg7 9. Be3 O-O 10. Qd2 Na6 11. Rad1 e6 12. h3 Bxf3 13. Bxf3 Qe7 14. a3 Rfd8 15.
Qc2 Rd7 16. b4 Rad8 17. Rfe1 Ne8 18. d5 Bxc3 19. Qxc3 cxd5 20. cxd5 b6 21. dxe6
fxe6 22. Rxd7 Rxd7 23. Bf4 Nac7 24. Qc6 Ng7 25. Be5 Kf7 26. Bxg7 Kxg7 27. Bg4
Kf7 28. Re3 Qd6 29. Qc3 Qd4 30. Qb3 Rd6 31. Qc2 Nd5 32. Rd3 Qa1+ 33. Kh2 Qe5+
34. g3 Ke7 35. h4 Kd7 36. Qa4+ Ke7 37. Qxa7+ Rd7 38. Qa4 Qe4 39. Qd1 h5 40. Bf3
Qf5 41. Bxd5 Rxd5 42. Rd2 b5 43. Qe1 Kd6 44. Qe3 Rxd2 45. Qxd2+ Kc6 46. Qe3 Qd5
47. Kg1 e5 48. f3 Qd1+ 49. Kf2 Qc2+ 50. Qe2 Qc3 51. Qe4+ Kd7 52. Qd5+ Ke7 53.
Qxb5 Qd4+ 54. Ke2 Qb2+ 55. Kd1 Qb1+ 56. Ke2 Qb2+ 57. Kf1 Qc1+ 58. Kg2 Qd2+ 59.
Kh3 Qe1 60. Qc5+ Ke6 61. Kg2 Qd2+ 62. Qf2 Qc3 63. Qa2+ Kf6 64. b5 Qd4 65. a4 e4
66. fxe4 Qxe4+ 67. Kh2 Qb4 68. Qf2+ Ke5 69. Qf4+ 1-0

[Event "C.to Provinciale TO"]
[Site "Torino ITA"]
[Date "2010.03.23"]
[Round "7"]
[White "Moncelli, Giorgio"]
[Black "Ranieri, Fabrizio"]
[Result "1-0"]
[WhiteElo "2088"]
[BlackElo "2285"]
[PlyCount "85"]
[EventDate "2010.02.09"]

1. e4 e6 2. d4 d5 3. e5 c5 4. c3 Qb6 5. Nf3 Bd7 6. a3 Nh6 7. b4 cxd4 8. cxd4
Nf5 9. Nc3 Be7 10. Bb2 Na6 11. Na4 Qd8 12. Bd3 O-O 13. Nc3 Nc7 14. O-O f6 15.
Re1 fxe5 16. Nxe5 Be8 17. Na4 Bxa4 18. Qxa4 Bd6 19. Rac1 Qg5 20. Bf1 Nh4 21.
Rc3 Rf5 22. Bc1 Qf6 23. Qc2 Ne8 24. Bd3 Rh5 25. Qe2 g6 26. Ng4 Qe7 27. Qxe6+
Qxe6 28. Rxe6 Nf5 29. Rxe8+ Rxe8 30. Nf6+ Kf7 31. Nxe8 Kxe8 32. g4 Bxh2+ 33.
Kf1 Rh4 34. gxf5 gxf5 35. Bxf5 Bd6 36. Be3 Rh1+ 37. Ke2 h5 38. Rc1 Rh2 39. Rc8+
Kf7 40. Rd8 Be7 41. Rxd5 Kf6 42. Bf4 Rh1 43. Bg5+ 1-0

[Event "C.to Provinciale TO"]
[Site "Torino ITA"]
[Date "2010.03.23"]
[Round "7"]
[White "Paoli, Mario"]
[Black "Monno, Luigi"]
[Result "1/2-1/2"]
[WhiteElo "1746"]
[BlackElo "1466"]
[PlyCount "97"]
[EventDate "2010.02.09"]

1. d4 d5 2. c4 Nf6 3. Nf3 Nc6 4. e3 Bf5 5. a3 e6 6. Nc3 a6 7. cxd5 exd5 8. Bd3
Bg4 9. h3 Bh5 10. O-O Be7 11. Re1 h6 12. g4 Bg6 13. Bxg6 fxg6 14. Qd3 Ne4 15.
Nxe4 dxe4 16. Qxe4 O-O 17. d5 Na5 18. b4 Nb3 19. Rb1 Nxc1 20. Rexc1 Bd6 21. Nd4
Qh4 22. Qg2 Rf6 23. Nf3 Rxf3 24. Qxf3 Rf8 25. Qg2 Qf6 26. f4 g5 27. Rc4 gxf4
28. Rf1 b5 29. Rc2 g5 30. Qf3 Qe5 31. e4 Qd4+ 32. Kg2 Kg7 33. Rd1 Qe5 34. Rdd2
Rh8 35. Qc3 Kg6 36. Qxe5 Bxe5 37. Rc6+ Bd6 38. e5 h5 39. gxh5+ Rxh5 40. exd6
cxd6 41. Rxd6+ Kf5 42. Rxa6 f3+ 43. Kg3 Rh4 44. d6 g4 45. hxg4+ Rxg4+ 46. Kf2
Kf4 47. d7 Rg2+ 48. Ke1 Rg1+ 49. Kf2 1/2-1/2

[Event "C.to Provinciale TO"]
[Site "Torino ITA"]
[Date "2010.03.23"]
[Round "7"]
[White "Quirico, Paolo"]
[Black "Stroppa, Daniel"]
[Result "0-1"]
[WhiteElo "2167"]
[BlackElo "2210"]
[PlyCount "150"]
[EventDate "2010.02.09"]

1. d4 d6 2. Nf3 Nf6 3. Bf4 g6 4. e3 Bg7 5. Be2 O-O 6. O-O Nbd7 7. c4 Qe8 8. h3
e5 9. Bh2 Qe7 10. Nc3 a6 11. Rc1 Re8 12. c5 e4 13. cxd6 cxd6 14. Nd2 d5 15. Qb3
Qe6 16. Na4 Bf8 17. Nc5 Nxc5 18. dxc5 Nd7 19. Bd6 Bxd6 20. cxd6 Qxd6 21. Rfd1
Qe5 22. Nb1 Nf6 23. Nc3 Rd8 24. Rd4 b5 25. a4 bxa4 26. Qxa4 Be6 27. Rcd1 Rdb8
28. R1d2 Qc7 29. Rc2 Qb6 30. Rcd2 Rc8 31. Qa3 Qc5 32. Qa4 Rcb8 33. Rc2 Qb6 34.
Rcd2 Rc8 35. Qa3 a5 36. Qa4 Rcb8 37. Qa3 Qb3 38. Qe7 Kg7 39. Qd6 Qb6 40. Qe5
Re8 41. Na4 Qb8 42. Qxb8 Rexb8 43. Nc5 Bc8 44. Na4 Bd7 45. Bd1 Bc6 46. Rc2 Bxa4
47. Rxa4 Rb4 48. Rd2 Rab8 49. Rxb4 Rxb4 50. b3 Rb5 51. Kf1 Rc5 52. Ra2 Nd7 53.
Ke2 Ne5 54. Bc2 Nc6 55. Bb1 f5 56. f3 Kf6 57. Kd2 Ke5 58. Ra4 Nb4 59. Ra3 d4
60. exd4+ Kxd4 61. fxe4 fxe4 62. Ke2 Rc1 63. Bxe4 Kxe4 64. Rxa5 Rc2+ 65. Kf1
Nd3 66. Kg1 Nf4 67. Kh1 Nxg2 68. b4 Nf4 69. b5 Rb2 70. h4 Kf3 71. Ra3+ Kg4 72.
Ra4 Rxb5 73. Rc4 Rb1+ 74. Kh2 Rb2+ 75. Kh1 Kg3 0-1

[Event "C.to Provinciale TO"]
[Site "Torino ITA"]
[Date "2010.03.23"]
[Round "7"]
[White "Razzano, Lorenzo"]
[Black "Sorcinelli, Francesco"]
[Result "0-1"]
[WhiteElo "1956"]
[BlackElo "2161"]
[PlyCount "58"]
[EventDate "2010.02.09"]

1. e4 c5 2. Nf3 d6 3. d4 cxd4 4. Nxd4 Nf6 5. Nc3 g6 6. h3 Bg7 7. Bc4 O-O 8. O-O
Nxe4 9. Bxf7+ Rxf7 10. Nxe4 Nc6 11. Be3 h6 12. c3 Bd7 13. Nxc6 Bxc6 14. Qg4 Bd7
15. Qh4 Qf8 16. a4 a6 17. a5 Rc8 18. Ng3 Bb5 19. Qe4 Bxf1 20. Rxf1 Kh7 21. Qxb7
Rb8 22. Qxa6 Rxb2 23. Qd3 Be5 24. Ne2 Qa8 25. Bb6 d5 26. Nd4 Bd6 27. Nb5 Qa6
28. c4 dxc4 29. Qxc4 Rf4 0-1

[Event "C.to Provinciale TO"]
[Site "Torino ITA"]
[Date "2010.03.23"]
[Round "7"]
[White "Riccardi, Mauro"]
[Black "Longo, Enrico"]
[Result "0-1"]
[WhiteElo "1818"]
[BlackElo "1913"]
[PlyCount "58"]
[EventDate "2010.02.09"]

1. d4 d5 2. c4 e6 3. Nc3 c6 4. Nf3 Nf6 5. e3 Nbd7 6. Qc2 Bd6 7. g4 dxc4 8. g5
Nd5 9. Bxc4 N7b6 10. Bb3 Bd7 11. a3 Rc8 12. e4 Nxc3 13. Qxc3 O-O 14. e5 Be7 15.
Qd3 c5 16. Bc2 g6 17. b3 Qc7 18. Bb2 c4 19. bxc4 Nxc4 20. Ra2 Bc6 21. Bc1 Bd5
22. Bb3 Bxf3 23. Qxf3 Nxe5 24. dxe5 Qxc1+ 25. Ke2 Qxg5 26. Qe4 Rfd8 27. Rd1
Qh5+ 28. f3 Qxh2+ 29. Ke3 Rc3+ 0-1

[Event "C.to Provinciale TO"]
[Site "Torino ITA"]
[Date "2010.03.23"]
[Round "7"]
[White "Termini, Luigi Robert"]
[Black "Leoni, Alessandro"]
[Result "0-1"]
[WhiteElo "1703"]
[BlackElo "1871"]
[PlyCount "114"]
[EventDate "2010.02.09"]

1. e4 c5 2. f4 d5 3. exd5 Nf6 4. c4 e6 5. dxe6 Bxe6 6. Nf3 Nc6 7. Be2 Bd6 8. d3
Qc7 9. O-O Bxf4 10. Bxf4 Qxf4 11. Nc3 O-O 12. Nd2 Qe3+ 13. Kh1 Nd4 14. Nf3 Nxe2
15. Qxe2 Qxe2 16. Nxe2 Rad8 17. Rfd1 Ng4 18. Kg1 Ne3 19. Rd2 Bg4 20. b3 Rfe8
21. Nc3 Bf5 22. d4 cxd4 23. Rxd4 Nc2 24. Rxd8 Rxd8 25. Rd1 Rxd1+ 26. Nxd1 Nb4
27. Nc3 Kf8 28. Nd4 Bd7 29. a3 Nc6 30. Nxc6 Bxc6 31. Kf2 Ke7 32. g3 Kd6 33. Ke3
Ke5 34. Ne2 f5 35. Nd4 Be4 36. Nb5 a6 37. Nc3 Bc6 38. b4 g5 39. Ne2 h5 40. c5
Bb5 41. Nc3 f4+ 42. gxf4+ gxf4+ 43. Kd2 Kd4 44. a4 Bc4 45. a5 f3 46. Nd1 Be2
47. Ne3 Bd3 48. Nd1 Bb5 49. Nf2 Kc4 50. Ke3 Kxb4 51. Kxf3 Bc6+ 52. Kg3 Kxc5 53.
Kh4 Bf3 54. Nd3+ Kb5 55. Nf4 Kxa5 56. Nxh5 Bxh5 57. Kxh5 b5 0-1

[Event "C.to Provinciale TO"]
[Site "Torino ITA"]
[Date "2010.03.23"]
[Round "7"]
[White "Zanatta, Aldo"]
[Black "Boetto, Massimo"]
[Result "0-1"]
[WhiteElo "1625"]
[BlackElo "2010"]
[PlyCount "52"]
[EventDate "2010.02.09"]

1. d4 Nf6 2. c4 g6 3. Nc3 Bg7 4. e4 d6 5. Nf3 O-O 6. Be2 e5 7. d5 Na6 8. Nd2
Ne8 9. O-O f5 10. f3 Nf6 11. Rb1 Nh5 12. Nb3 Nf4 13. Bxf4 exf4 14. Qd2 Qh4 15.
a3 Be5 16. Bd3 Bd7 17. Rbe1 Rae8 18. Qf2 Qf6 19. Qd2 Bd4+ 20. Kh1 Nc5 21. Nxc5
Bxc5 22. Qc2 Qh4 23. Nd1 Re5 24. b4 Bd4 25. c5 fxe4 26. Rxe4 Qxh2+ 0-1

[Event "C.to Provinciale KR 2010"]
[Site "Crotone ITA"]
[Date "2010.02.27"]
[Round "1"]
[White "Chiofalo, Gianfranco"]
[Black "Guzzo, Giovanni"]
[Result "0-1"]
[WhiteElo "1582"]
[BlackElo "1741"]
[PlyCount "144"]
[EventDate "2010.02.27"]

1. e4 e5 2. Nf3 Nc6 3. Nc3 Bc5 4. Bb5 Nge7 5. d3 O-O 6. O-O f5 7. Bg5 Qe8 8.
Bxe7 Qxe7 9. Nd5 Qd6 10. Bxc6 bxc6 11. Nc3 Qf6 12. Qe2 a6 13. exf5 Qxf5 14.
Qxe5 d6 15. Qg3 Bb7 16. Ne4 Ba7 17. Nfg5 h6 18. Nf3 Rad8 19. Nh4 Qf7 20. Rfe1
Rd7 21. b3 d5 22. Nd2 Rd6 23. Kh1 Rf6 24. f3 Kh7 25. f4 g5 26. Nhf3 Rxf4 27. h3
Qh5 28. Re7+ R8f7 29. Rxf7+ Qxf7 30. c4 Be3 31. Re1 d4 32. Ne5 Qe7 33. Ndf3 c5
34. h4 Bxf3 35. Nxf3 gxh4 36. Qh3 a5 37. a3 c6 38. a4 Qf6 39. Qd7+ Kg6 40. Qe8+
Kh7 41. Qd7+ Kg8 42. Qc8+ Kf7 43. Qc7+ Kg6 44. Rf1 Kh5 45. Qxa5 Rf5 46. Qa8 h3
47. Qe8+ Kg4 48. gxh3+ Kxh3 49. Ng1+ Bxg1 50. Rxg1 Rf2 51. Qh5+ Qh4 52. Qxh4+
Kxh4 53. Ra1 Rd2 54. a5 Rxd3 55. Rb1 Re3 56. a6 Re8 57. Kg2 Kg4 58. Ra1 Ra8 59.
a7 Kf4 60. Ra5 Ke3 61. Rxc5 Rxa7 62. Rxc6 Ra2+ 63. Kg3 Rb2 64. Rf6 d3 65. Rf3+
Kd4 66. Rf4+ Kc5 67. Rf5+ Kb4 68. Kf3 Kc3 69. Ke3 Rxb3 70. c5 d2 71. Ke2 Rb1
72. Rd5 Re1+ 0-1